[Event "Orsha op-A 22nd"]
[Site "Orsha"]
[Date "2024.01.23"]
[Round "3"]
[White "Strizhnev, Ivan"]
[Black "Gorlov, Artem"]
[Result "1-0"]
[WhiteElo "1790"]
[BlackElo "2142"]
[PlyCount "69"]
[EventDate "2024.01.22"]
[EventType "swiss"]
[EventRounds "9"]
[EventCountry "BLR"]
[SourceTitle "CB05_2024"]
[SourceDate "2024.01.31"]
[SourceVersion "1"]
[SourceVersionDate "2024.01.31"]
[SourceQuality "1"]

1. e4 e6 2. d4 d5 3. Nc3 Bb4 4. e5 Ne7 5. a3 Bxc3+ 6. bxc3 b6 7. Qg4 Ng6 8. h4 h5 9. Qg3 Ba6 10. Bxa6 Nxa6 11. Bg5 Qd7 12. Ne2 Qa4 13. 0-0 Qxc2 14. Qf3 Qf5 15. Qe3 Nb8 16. f4 Ne7 17. Ng3 Qg6 18. Bxe7 Kxe7 19. f5 Qh6 20. Qf3 Nd7 21. c4 c6 22. cxd5 exd5 23. f6+ Kd8 24. Nf5 Qh7 25. fxg7 Rg8 26. Rac1 Qg6 27. Rc3 Qe6 28. Qxh5 Kc7 29. Qg5 c5 30. h5 f6 31. Qg6 Kb7 32. h6 cxd4 33. Nd6+ Kb8 34. Rc8+ Rxc8 35. Nxc8 1-0

[Event "BLR-ch sf"]
[Site "Minsk"]
[Date "2023.12.12"]
[Round "6"]
[White "Dzenisenia, Mikhail"]
[Black "Strizhnev, Ivan"]
[Result "1-0"]
[WhiteElo "1826"]
[BlackElo "1881"]
[PlyCount "71"]
[EventDate "2023.12.07"]
[EventType "swiss"]
[EventRounds "9"]
[EventCountry "BLR"]
[SourceTitle "CB51_2023"]
[SourceDate "2023.12.20"]
[SourceVersion "1"]
[SourceVersionDate "2023.12.20"]
[SourceQuality "1"]

1. e4 g6 2. d4 Bg7 3. Nc3 d6 4. Be3 Nf6 5. Qd2 c6 6. 0-0-0 b5 7. f3 Qa5 8. Kb1 b4 9. Nce2 Be6 10. Nc1 Nbd7 11. Nge2 Nb6 12. Nf4 Nc4 13. Bxc4 Bxc4 14. Rhe1 0-0 15. h4 Rac8 16. g4 e5 17. dxe5 dxe5 18. Nfd3 c5 19. Nb3 Bxb3 20. cxb3 Rc6 21. a4 Rb8 22. Nxe5 Nxe4 23. Qd5 Nc3+ 24. bxc3 bxc3 25. Kc2 Bxe5 26. Qxe5 Qb4 27. Qxc3 Qb7 28. Bh6 f6 29. Qc4+ Kh8 30. Bf4 Rbc8 31. Rd2 Rb6 32. Rde2 Qc6 33. Re6 Qd7 34. Rxb6 axb6 35. Qe6 Qd8 36. Rd1 1-0

[Event "Minsk op"]
[Site "Minsk"]
[Date "2023.11.09"]
[Round "7"]
[White "Strizhnev, Ivan"]
[Black "Krukouski, Serafim"]
[Result "1-0"]
[WhiteElo "1905"]
[BlackElo "1645"]
[PlyCount "65"]
[EventDate "2023.11.03"]
[EventType "swiss"]
[EventRounds "9"]
[EventCountry "BLR"]
[SourceTitle "CB46_2023"]
[SourceDate "2023.11.15"]
[SourceVersion "1"]
[SourceVersionDate "2023.11.15"]
[SourceQuality "1"]

1. e4 c5 2. Nf3 Nc6 3. d4 cxd4 4. Nxd4 Nf6 5. Nc3 e6 6. Nxc6 bxc6 7. e5 Nd5 8. Ne4 Bb7 9. a3 c5 10. c4 Qh4 11. Nd6+ Bxd6 12. exd6 Nb6 13. b3 f5 14. Qe2 0-0 15. Qe5 Rac8 16. Bb2 Qe4+ 17. Be2 Qxe5 18. Bxe5 f4 19. Bd3 Bxg2 20. Rg1 f3 21. Kd2 g5 22. Ke3 h5 23. a4 Rb8 24. b4 cxb4 25. a5 Nc8 26. c5 Kf7 27. a6 g4 28. Rgb1 h4 29. Ra4 g3 30. Raxb4 Rxb4 31. Rxb4 Bf1 32. Rf4+ Kg8 33. Rg4+ 1-0

[Event "Minsk op"]
[Site "Minsk"]
[Date "2023.11.04"]
[Round "2"]
[White "Afanasiev, Nikita"]
[Black "Strizhnev, Ivan"]
[Result "1-0"]
[WhiteElo "2534"]
[BlackElo "1905"]
[PlyCount "71"]
[EventDate "2023.11.03"]
[EventType "swiss"]
[EventRounds "9"]
[EventCountry "BLR"]
[SourceTitle "CB46_2023"]
[SourceDate "2023.11.15"]
[SourceVersion "1"]
[SourceVersionDate "2023.11.15"]
[SourceQuality "1"]

1. e4 e5 2. Nf3 Nc6 3. Bb5 a6 4. Ba4 Nf6 5. d3 b5 6. Bb3 Be7 7. 0-0 0-0 8. Nc3 d6 9. a3 Bg4 10. Be3 Nd4 11. Bxd4 exd4 12. Nd5 c5 13. h3 Be6 14. Nxf6+ Bxf6 15. Bxe6 fxe6 16. Qe2 Be5 17. g3 Ra7 18. h4 h6 19. Nh2 g5 20. Qg4 Rg7 21. Qxe6+ Kh7 22. hxg5 Qxg5 23. Qh3 d5 24. Qg2 Qh5 25. Kh1 Rf4 26. exd5 Rfg4 27. Rae1 R7g5 28. Re4 Bd6 29. Rxg4 Rxg4 30. Re1 Rg6 31. Kg1 Qg5 32. Re6 Qc1+ 33. Nf1 Rxe6 34. dxe6 Qxc2 35. Qd5 Bf8 36. Qf5+ 1-0

[Event "St Petersburg Korchnoi Memorial op"]
[Site "St Petersburg"]
[Date "2023.08.24"]
[Round "9"]
[White "Sairanov, Talgat"]
[Black "Strizhnev, Ivan"]
[Result "0-1"]
[WhiteElo "2012"]
[BlackElo "1748"]
[PlyCount "118"]
[EventDate "2023.08.18"]
[EventType "swiss"]
[EventRounds "9"]
[EventCountry "RUS"]
[SourceTitle "EXT 2024"]
[Source "ChessBase"]
[SourceDate "2023.10.10"]
[SourceVersion "1"]
[SourceVersionDate "2023.10.10"]
[SourceQuality "1"]

1. c4 e5 2. Nc3 Nf6 3. g3 Bb4 4. Bg2 Bxc3 5. dxc3 0-0 6. Nf3 d6 7. 0-0 Nc6 8. b3 Kh8 9. Ne1 Ng8 10. c5 Be6 11. cxd6 Qxd6 12. Qxd6 cxd6 13. Ba3 Rfd8 14. Rd1 d5 15. Nd3 b6 16. Rd2 Nf6 17. Rfd1 Rac8 18. h3 a5 19. Kh2 a4 20. c4 Ne4 21. Nxe5 Nxd2 22. Nxc6 dxc4 23. Nxd8 Rxd8 24. Kh1 cxb3 25. axb3 Bxb3 26. Rc1 Nc4 27. Bb4 Rd1+ 28. Rxd1 Bxd1 29. Bd5 Bxe2 30. Bxf7 Ne5 31. Be8 Bf3+ 32. Kg1 Bc6 33. Bh5 Bd7 34. Be2 Bxh3 35. f4 Nc6 36. Bc3 Bd7 37. Kf2 Kg8 38. Ke3 Ne7 39. Bc4+ Kf8 40. Bb4 Ke8 41. Ke4 Kd8 42. Bc3 Nf5 43. Kf3 Bc6+ 44. Kf2 Nd6 45. Bd3 Be4 46. Be2 g6 47. g4 Kd7 48. Ke3 Kc6 49. Bb4 Bg2 50. Kd4 Nb5+ 51. Ke5 a3 52. Bxb5+ Kxb5 53. Bxa3 Kc4 54. f5 gxf5 55. gxf5 b5 56. f6 Bd5 57. Kd6 h5 58. Ke7 h4 59. Bd6 h3 0-1

[Event "St Petersburg Korchnoi Memorial op"]
[Site "St Petersburg"]
[Date "2023.08.21"]
[Round "5"]
[White "Sek, Konstantin"]
[Black "Strizhnev, Ivan"]
[Result "1-0"]
[WhiteElo "2419"]
[BlackElo "1748"]
[PlyCount "73"]
[EventDate "2023.08.18"]
[EventType "swiss"]
[EventRounds "9"]
[EventCountry "RUS"]
[SourceTitle "EXT 2024"]
[Source "ChessBase"]
[SourceDate "2023.10.10"]
[SourceVersion "1"]
[SourceVersionDate "2023.10.10"]
[SourceQuality "1"]

1. e4 g6 2. d4 Bg7 3. Nc3 d6 4. g3 Nf6 5. Bg2 0-0 6. Nge2 c5 7. d5 Na6 8. 0-0 Nc7 9. a4 e6 10. dxe6 Bxe6 11. Bf4 Nfe8 12. Qd2 Qd7 13. Rfd1 Rd8 14. Bg5 Nf6 15. Qf4 Nh5 16. Qe3 Rb8 17. Bf3 b5 18. Bxh5 b4 19. Nb5 Nxb5 20. axb5 gxh5 21. Bh6 Bxb2 22. Rab1 Bf6 23. Nf4 Qe7 24. Nxh5 Be5 25. Bxf8 Qxf8 26. f4 Bc3 27. e5 dxe5 28. fxe5 Kh8 29. Qf4 Qe7 30. Nf6 c4 31. Qe4 Qc5+ 32. Kg2 Kg7 33. Qxh7+ Kf8 34. Qg8+ Ke7 35. Qxb8 Bc8 36. Qd6+ Qxd6 37. exd6+ 1-0

[Event "Minsk Kupreichik Memorial op"]
[Site "Minsk"]
[Date "2023.04.23"]
[Round "4"]
[White "Runets, Ivan"]
[Black "Strizhnev, Ivan"]
[Result "1-0"]
[WhiteElo "2176"]
[BlackElo "1777"]
[PlyCount "141"]
[EventDate "2023.04.21"]
[EventType "swiss"]
[EventRounds "7"]
[EventCountry "BLR"]
[SourceTitle "CBM 214 Extra"]
[Source "ChessBase"]
[SourceDate "2023.07.31"]
[SourceVersion "1"]
[SourceVersionDate "2023.07.31"]
[SourceQuality "1"]

1. d4 Nf6 2. c4 g6 3. f3 d6 4. e4 Bg7 5. Ne2 0-0 6. Be3 b6 7. Nbc3 c5 8. d5 Nbd7 9. Qd2 Ne5 10. Ng3 h5 11. Be2 h4 12. Nf1 e6 13. Bg5 h3 14. g4 exd5 15. Nxd5 Be6 16. Ng3 Bxd5 17. cxd5 Qe8 18. 0-0 b5 19. Bh6 Kh7 20. Bxg7 Kxg7 21. g5 Nh5 22. f4 Nxg3 23. hxg3 Nc4 24. Qc3+ Kh7 25. Bf3 Rh8 26. Kh2 Qf8 27. b3 Nb6 28. Kxh3 Qg7 29. Rac1 Qxc3 30. Rxc3 Kg7+ 31. Kg2 Rhe8 32. Re1 Nxd5 33. Rd3 Nb4 34. Rxd6 Re7 35. Rc1 Nxa2 36. Rxc5 a5 37. Rd2 Nb4 38. Rxb5 Rc7 39. Be2 Nc2 40. Kf2 a4 41. bxa4 Rxa4 42. Rb2 Nd4 43. Bd1 Rac4 44. e5 Ra7 45. Bb3 Nxb3 46. Rxb3 Kf8 47. Kf3 Ke7 48. Rd6 Rc1 49. Rf6 Re1 50. Rc6 Kd7 51. Rc4 Ke7 52. Kf2 Rh1 53. Rc6 Ra2+ 54. Kf3 Rf1+ 55. Kg4 Ra7 56. Re3 Rfa1 57. Rf6 Kf8 58. e6 Re7 59. Rxf7+ Rxf7 60. exf7 Kxf7 61. Rb3 Ra7 62. Kf3 Re7 63. g4 Ra7 64. f5 Rc7 65. Rb6 Rc3+ 66. Kf4 Rc4+ 67. Kg3 Rc3+ 68. Kh4 gxf5 69. gxf5 Rc4+ 70. Kh5 Rf4 71. Rb7+ 1-0

[Event "Orsha op-A 21st"]
[Site "Orsha"]
[Date "2023.01.24"]
[Round "8"]
[White "Vashchilov, Sergey"]
[Black "Strizhnev, Ivan"]
[Result "1-0"]
[WhiteElo "2096"]
[BlackElo "1946"]
[PlyCount "85"]
[EventDate "2023.01.19"]
[EventType "swiss"]
[EventRounds "9"]
[EventCountry "BLR"]
[SourceTitle "CBM 212 Extra"]
[Source "ChessBase"]
[SourceDate "2023.03.31"]
[SourceVersion "1"]
[SourceVersionDate "2023.03.31"]
[SourceQuality "1"]

1. e4 c5 2. Nf3 d6 3. d4 cxd4 4. Nxd4 Nf6 5. f3 e5 6. Nb3 d5 7. Bg5 d4 8. c3 Nc6 9. Bb5 h6 10. Bxf6 Qxf6 11. cxd4 Bb4+ 12. Nc3 0-0 13. Bxc6 bxc6 14. dxe5 Qxe5 15. Qd4 Qe7 16. 0-0 Be6 17. Kh1 Rfd8 18. Qe3 Rab8 19. Na4 Bxb3 20. Qxb3 Bd6 21. Qe3 f5 22. Rae1 Qh4 23. f4 fxe4 24. g3 Qh3 25. Qxe4 Kh8 26. Qe6 Qh5 27. b3 Bc7 28. Qe2 Qh3 29. Rd1 Re8 30. Qf3 Re7 31. Rfe1 Rf7 32. Qxc6 Rbf8 33. Re8 Bxf4 34. Rxf8+ Rxf8 35. gxf4 Rxf4 36. Qg2 Qe3 37. Rg1 Qe5 38. Nc5 Rh4 39. h3 Qc3 40. Nd3 Qd4 41. Qg3 Rh5 42. Qf3 Ra5 43. Nf4 1-0

[Event "Chigorin Memorial 29th"]
[Site "St Petersburg"]
[Date "2022.10.29"]
[Round "8"]
[White "Strizhnev, Ivan"]
[Black "Chyndygyr, Tamerlan"]
[Result "0-1"]
[WhiteElo "1867"]
[BlackElo "2332"]
[PlyCount "54"]
[EventDate "2022.10.22"]
[EventType "swiss"]
[EventRounds "9"]
[EventCountry "RUS"]
[SourceTitle "EXT 2024"]
[Source "ChessBase"]
[SourceDate "2023.10.10"]
[SourceVersion "1"]
[SourceVersionDate "2023.10.10"]
[SourceQuality "1"]

1. e4 d6 2. d4 Nf6 3. Nc3 Nbd7 4. Nf3 e5 5. Bc4 Be7 6. Ng5 0-0 7. Bxf7+ Rxf7 8. Ne6 Qe8 9. Nxc7 Qd8 10. Nxa8 b5 11. 0-0 Bb7 12. Nxb5 Bxa8 13. d5 Nxe4 14. Nxa7 Nb6 15. f3 Nf6 16. Nc6 Qc7 17. Nxe7+ Rxe7 18. Qe2 Nbxd5 19. c4 Qc5+ 20. Kh1 Nb6 21. Bg5 e4 22. fxe4 Qxg5 23. Rad1 Rxe4 24. Qc2 Rxc4 25. Qe2 Re4 26. Qc2 Bd5 27. a4 Nc4 0-1

[Event "Chigorin Memorial 29th"]
[Site "St Petersburg"]
[Date "2022.10.27"]
[Round "6"]
[White "Strizhnev, Ivan"]
[Black "Skatchkov, Valery"]
[Result "0-1"]
[WhiteElo "1867"]
[BlackElo "2248"]
[PlyCount "142"]
[EventDate "2022.10.22"]
[EventType "swiss"]
[EventRounds "9"]
[EventCountry "RUS"]
[SourceTitle "EXT 2024"]
[Source "ChessBase"]
[SourceDate "2023.10.10"]
[SourceVersion "1"]
[SourceVersionDate "2023.10.10"]
[SourceQuality "1"]

1. e4 e5 2. Nf3 Nc6 3. Bb5 a6 4. Ba4 Nf6 5. 0-0 Be7 6. Re1 b5 7. Bb3 0-0 8. d4 Nxd4 9. Bxf7+ Rxf7 10. Nxe5 Rf8 11. Qxd4 Bb7 12. Nc3 d6 13. Nf3 Qd7 14. Bf4 c5 15. Qd2 b4 16. Nd5 Nxd5 17. exd5 Rf5 18. Rad1 Rxd5 19. Qe3 Rxd1 20. Rxd1 d5 21. Re1 Bf8 22. Ng5 Bc6 23. Qd3 g6 24. h4 Bb5 25. Qf3 a5 26. h5 Ra6 27. Re5 Rf6 28. hxg6 hxg6 29. g3 Bc6 30. Qh1 d4 31. Qh4 Bd6 32. Re8+ Qxe8 33. Qh7+ Kf8 34. Qh8+ Ke7 35. Qg7+ Rf7 36. Bxd6+ Kxd6 37. Nxf7+ Kc7 38. Ne5+ Kb6 39. Qf6 Kc7 40. f4 Be4 41. Nc4 Qc6 42. Qe7+ Kb8 43. Qd8+ Ka7 44. Qxa5+ Kb7 45. Qd8 Qe6 46. Nd6+ Ka6 47. Qe8 Qxe8 48. Nxe8 Bxc2 49. Kf2 Bb1 50. a3 bxa3 51. bxa3 Ka5 52. Nd6 Ka4 53. g4 Kb3 54. f5 gxf5 55. gxf5 c4 56. Nb5 d3 57. Nd4+ Kc3 58. Ke3 Kb2 59. f6 c3 60. f7 c2 61. Nxc2 dxc2 62. f8Q c1Q+ 63. Kf2 Qd2+ 64. Kg3 Qg5+ 65. Kf2 Qh4+ 66. Ke2 Qe4+ 67. Kf2 Qd4+ 68. Kg3 Qg1+ 69. Kh3 Qe3+ 70. Kh2 Qe5+ 71. Kg1 Qg3+ 0-1

[Event "BLR-ch U18"]
[Site "Orsha"]
[Date "2022.02.15"]
[Round "6"]
[White "Sagalovich, Yakov"]
[Black "Strizhnev, Ivan"]
[Result "1-0"]
[WhiteElo "1429"]
[BlackElo "1592"]
[PlyCount "133"]
[EventDate "2022.02.10"]
[EventType "swiss"]
[EventRounds "9"]
[EventCountry "BLR"]
[SourceTitle "CBM 207 Extra"]
[Source "ChessBase"]
[SourceDate "2022.05.31"]
[SourceVersion "1"]
[SourceVersionDate "2022.05.31"]
[SourceQuality "1"]

1. e4 e5 2. Nf3 Nc6 3. Bb5 a6 4. Bxc6 dxc6 5. 0-0 Bg4 6. h3 h5 7. d3 Qf6 8. Nbd2 Ne7 9. Re1 Ng6 10. Nf1 Bxf3 11. Qxf3 Qxf3 12. gxf3 Nh4 13. Nh2 g5 14. Kf1 f6 15. Ke2 0-0-0 16. Rg1 Rh7 17. Nf1 b6 18. Ng3 Kb7 19. Be3 Ng6 20. Nf5 Ne7 21. h4 Nxf5 22. exf5 gxh4 23. Rg6 Be7 24. Rh1 h3 25. Rxh3 Rdh8 26. Rh4 c5 27. f4 Bd6 28. Kf3 exf4 29. Bxf4 Bxf4 30. Kxf4 Rh6 31. Rh1 Kc6 32. Rhg1 Kd6 33. Rxh6 Rxh6 34. Rg6 Rh7 35. Rxf6+ Kd5 36. Re6 h4 37. Re1 h3 38. Rh1 h2 39. Kg3 Ke5 40. Rxh2 Rg7+ 41. Kf3 Kxf5 42. Rh5+ Kg6 43. Re5 Kf6 44. Re4 Rg1 45. Ke2 Rb1 46. b3 Rc1 47. Kd2 Rf1 48. Rf4+ Ke5 49. Rf7 Kd6 50. Kc3 a5 51. a4 Rc1 52. Rf4 Rf1 53. d4 cxd4+ 54. Rxd4+ Ke6 55. Rd2 Rh1 56. Kc4 Rh4+ 57. Kb5 Rh5+ 58. Ka6 Rc5 59. c4 Ke7 60. Kb7 Ke6 61. Rd5 Rxd5 62. cxd5+ Kxd5 63. Kxc7 Kc5 64. f4 b5 65. axb5 Kxb5 66. f5 Kb4 67. Kb6 1-0

[Event "BLR-ch U18"]
[Site "Orsha"]
[Date "2022.02.10"]
[Round "1"]
[White "Strizhnev, Ivan"]
[Black "Siniauski, Artsiom"]
[Result "1/2-1/2"]
[WhiteElo "1592"]
[BlackElo "2285"]
[PlyCount "112"]
[EventDate "2022.02.10"]
[EventType "swiss"]
[EventRounds "9"]
[EventCountry "BLR"]
[SourceTitle "CBM 207 Extra"]
[Source "ChessBase"]
[SourceDate "2022.05.31"]
[SourceVersion "1"]
[SourceVersionDate "2022.05.31"]
[SourceQuality "1"]

1. e4 e6 2. d4 d5 3. Nd2 c5 4. exd5 Qxd5 5. Ngf3 cxd4 6. Nb3 e5 7. c3 Nc6 8. Be2 Nf6 9. cxd4 e4 10. 0-0 exf3 11. Bxf3 Qf5 12. Re1+ Be6 13. d5 0-0-0 14. dxc6 Rxd1 15. cxb7+ Kb8 16. Rxd1 Bd5 17. Nd4 Qd7 18. Bf4+ Bd6 19. Ne2 Bxf3 20. Rxd6 Qg4 21. Rd7+ Qxf4 22. Nxf4 Nxd7 23. gxf3 Ne5 24. Kg2 Kxb7 25. Rd1 Rc8 26. Rd5 f6 27. Nd3 Ng6 28. Rb5+ Ka8 29. Kg3 h5 30. Rxh5 Rd8 31. Nf4 Ne5 32. Ne6 Rd1 33. Nc5 Kb8 34. Rh8+ Kc7 35. Ne6+ Kc6 36. Rc8+ Kb6 37. Rc2 g5 38. Kg2 Rd6 39. f4 Ng6 40. Re2 gxf4 41. f3 Nh4+ 42. Kh3 Nxf3 43. Kg4 Ne5+ 44. Kf5 f3 45. Rf2 Rd5 46. Ke4 Rd1 47. Nd4 Re1+ 48. Kf5 Re3 49. h4 Kc5 50. Nc2 Rd3 51. h5 Rd1 52. Rh2 Nd3 53. Ne3 f2 54. Rxf2 Rh1 55. Rd2 Rxh5+ 56. Kxf6 Nb4 1/2-1/2

[Event "Minsk Kupreichik Memorial rapid"]
[Site "Minsk"]
[Date "2019.08.16"]
[Round "5"]
[White "Novik, Nikita"]
[Black "Strizhnev, Ivan"]
[Result "0-1"]
[WhiteElo "1355"]
[BlackElo "1394"]
[PlyCount "88"]
[EventDate "2019.08.15"]
[EventType "swiss (rapid)"]
[EventRounds "10"]
[EventCountry "BLR"]
[SourceTitle "CBM 191 Extra"]
[Source "ChessBase"]
[SourceDate "2019.09.30"]
[SourceVersion "1"]
[SourceVersionDate "2019.09.30"]
[SourceQuality "1"]

1. e4 c5 2. Nf3 d6 3. Nc3 Nf6 4. d3 g6 5. g3 Bg7 6. Bg2 Nc6 7. Be3 0-0 8. Qd2 Ng4 9. h3 Nxe3 10. Qxe3 Nd4 11. Qd2 Bd7 12. Nxd4 cxd4 13. Ne2 Rc8 14. c3 dxc3 15. Nxc3 Qa5 16. Rc1 Rc7 17. 0-0 Rfc8 18. d4 Rc4 19. e5 dxe5 20. dxe5 Rd8 21. Qe2 Rd4 22. f4 Qb6 23. Kh2 Bc6 24. Bxc6 Rd2 25. Bf3 Rxe2+ 26. Nxe2 Qxb2 27. Rb1 Qxa2 28. Rxb7 Rd2 29. Rb8+ Bf8 30. Re1 e6 31. h4 Kg7 32. Kh3 Bc5 33. Rbb1 Bf2 34. Ra1 Bxe1 35. Rxa2 Rxa2 36. h5 a5 37. g4 gxh5 38. gxh5 a4 39. Nd4 Rd2 40. Nb5 a3 41. Nxa3 Rd3 42. Nc4 Rxf3+ 43. Kg4 Rg3+ 44. Kh4 Rc3+ 0-1